China's globlization : (Record no. 126882)

MARC details
000 -LEADER
fixed length control field 00739nam a22002297a 4500
005 - DATE AND TIME OF LATEST TRANSACTION
control field 20170124110016.0
010 ## - LIBRARY OF CONGRESS CONTROL NUMBER
LC control number B-181680
020 ## - INTERNATIONAL STANDARD BOOK NUMBER
Terms of availability 300.00
International Standard Book Number 8178814641
035 ## - SYSTEM CONTROL NUMBER
System control number B-181680
037 ## - SOURCE OF ACQUISITION
Source of stock number/acquisition Cen Lib/Ret
040 ## - CATALOGING SOURCE
Original cataloging agency DPL
Language of cataloging EN
082 ## - DEWEY DECIMAL CLASSIFICATION NUMBER
Classification number 337.51
Item number CHI
245 ## - TITLE STATEMENT
Title China's globlization :
Statement of responsibility, etc edited by V. Subbulakshmi
Remainder of title an introduction /
260 ## - PUBLICATION, DISTRIBUTION, ETC. (IMPRINT)
Name of publisher, distributor, etc The ICFAI University Press
Date of publication, distribution, etc 2005
Place of publication, distribution, etc Hyderabad
270 ## - ADDRESS
City Hyderabad
Address 52, nagarjun hills, punjagutta
Postal code 500082
300 ## - PHYSICAL DESCRIPTION
Extent ix, 171p.
Dimensions 23cm(pbk)
500 ## - GENERAL NOTE
General note Includes and index
650 ## - SUBJECT ADDED ENTRY--TOPICAL TERM
Topical term or geographic name as entry element Globlization
Geographic subdivision China
9 (RLIN) 18741
650 ## - SUBJECT ADDED ENTRY--TOPICAL TERM
Topical term or geographic name as entry element Economic change & liberalisation
9 (RLIN) 18742
700 ## - ADDED ENTRY--PERSONAL NAME
Personal name Subbulakshmi, V.
9 (RLIN) 18743
942 ## - ADDED ENTRY ELEMENTS (KOHA)
Source of classification or shelving scheme Dewey Decimal Classification
Koha item type English Books
Classification part 337.51
Call number suffix CHI
Holdings
Withdrawn status Lost status Damaged status Not for loan Home library Current library Date acquired Source of acquisition Cost, normal purchase price Total Checkouts Full call number Barcode Date last seen Copy number Cost, replacement price Price effective from Koha item type
        Central Library Central Library 26/06/2015 Cen Lib/Ret 300.00   337.51 CHI B-181680 26/06/2015 1 300.00 26/06/2015 English Books

© Delhi Public Library
Hit Counter
free hit counter